Statistiche per Ricostruisci la Carriera del Calciatore - Šime Vrsaljko

Clicka qui per fare il quiz!

Statistiche generali

  • Questo quiz è stato fatto 2 volte
  • Il punteggio medio è 5 su 8

Statistiche sulle risposte

HintRisposta% Corretto
2009-2013 Dinamo Zagabria
100%
2013-2014 Genoa
100%
2009Lokomotiva Zagabria
100%
2018-2019Inter
50%
2022-2023 Olympiakos
50%
2014-2016 Sassuolo
50%
2016-2018 Atlético Madrid
0%
2019-2022 Atlético Madrid
0%

Distribuzione punteggi

Percentile per numero di risposta

Percentuale di utenti per punteggio

I tuoi punteggi nel tempo

Non hai fatto questo quiz